Easily Confused Brand Logos - Statistics

General Stats
  • This quiz has been taken 348 times
  • The average score is 12 of 15
Answer Stats
Question Answer % Correct
Honda
91%
Levi's
91%
Beats
89%
Jaguar
86%
Ferrari
86%
Goodyear
84%
Kraft
84%
Asics
77%
Crown Royal
76%
Ralph Lauren
76%
Colgate
73%
Manchester United
70%
Ubisoft
70%
Ryanair
60%
Dallas Cowboys
55%
No matching quizzes found
Score Distribution
Percent of People with Each Score
Percentile by Number Answered
Your Score History
You have not taken this quiz